000 02206cam a2200205 4500500
005 20260208003103.0
041 _afre
042 _adc
100 1 0 _aBeauvisage, Thomas
_eauthor
700 1 0 _aBeuscart, Jean-Samuel
_eauthor
700 1 0 _aMellet, Kevin
_eauthor
700 1 0 _aTrespeuch, Marie
_eauthor
245 0 0 _aUne démocratisation du marché ?
260 _c2014.
500 _a74
520 _aCet article examine la promesse de démocratisation du marché portée par les sites Web de notes et avis de consommateurs dans le secteur de la restauration. Il se base sur des entretiens avec des gestionnaires de sites, et sur des données extraites des principales plates-formes françaises. Nous montrons que les sites d’avis participent d’un double mouvement de démocratisation de la critique engagé dans les années 1970 : d’une part, par l’inclusion d’une large partie de l’offre de restaurants dans le périmètre de l’évaluation, et d’autre part par l’élargissement de la participation, en ouvrant à tous la possibilité d’évaluer les restaurants. Toutefois, cette double ambition démocratique entre en tension avec la nécessité de produire une recommandation juste et efficace, ce qui conduit les sites d’avis à élaborer des compromis entre ces deux dimensions.
520 _aDemocratizing the market?This article examines the promise of market democratization conveyed by consumer rating and review websites in the restaurant industry. Based on interviews with website administrators and data from the main French platforms, we show that review websites contribute to the democratization of critique, which first started in the 1970s, both by including a large part of the restaurant supply within the reviewing perimeter, and by broadening participation, opening restaurant reviewing to all. However this twofold democratic ambition conflicts with the need to produce fair and helpful recommendations, leading review websites to find compromises between these two dimensions.
786 0 _nRéseaux | 183 | 1 | 2014-04-01 | p. 163-204 | 0751-7971
856 4 1 _uhttps://shs.cairn.info/revue-reseaux-2014-1-page-163?lang=fr&redirect-ssocas=7080
999 _c1647040
_d1647040